000 00664cam a2200229 a 4500
001 000009446
005 20200929161610.0
008 850417s1976 ec 001 0 spa
020 _cS/210.00
040 _aDO-SdBNP
_cDLC
_dDLC
_dBNPHU
082 _aE863.44
_bT587d
100 1 _aTinajero Villamar, Fernando,
_d1940-
_924247
245 1 3 _aEl desencuentro /
_cFernando Tinajero Villamar.
260 _aQuito, Ecuador :
_bUniversitaria,
_c1976.
300 _a356 p. ;
_c19 cm.
490 1 _aPremio
650 4 _aNovela ecuatoriana
_95017
650 4 _aLiteratura ecuatoriana
_93938
830 0 _aPremio
_98618
910 _aCatalogación derivada
049 _aBNGR
999 _c9206
_d9206